00362nam a2200121 a 450000500170000000800410001705000210005810000180007924500480009726000620014530000210020765000120022820140310183203.0030124s19uu xx 00 eng d aPZ 3b.H268 1960 aHardy, Thomas aFar from the madding crowd /cThomas Hardy. aUSA :bThe new American library of literture Inc.,c1960. a382 p. :c18 cm. aFiction